Music Quiz

Random Music or Billboard Quiz

Number 1 Hits 1974 Quiz Stats

 Plays Quiz not verified by Sporcle

Support Sporcle.
Go Orange.
Score 0/35 Timer 09:00
0 Plays Today
Week(s) Song % Correct
January 5 Time In A Bottle
80.6%
December 21Cat's In the Cradle
80.6%
March 2, 9, and 16Seasons in the Sun
77.4%
December 7 and 14Kung Fu Fighting
71%
May 18, 25 and June 1The Streak
69.9%
June 29Sundown
69.9%
January 12The Joker
68.8%
September 14I Shot the Sheriff
66.7%
July 27 and August 3Annie's Song
65.6%
May 4 and 11The Loco Motion
59.1%
June 8Band On The Run
57%
August 17The Night Chicago Died
57%
January 26You're Sixteen
55.9%
February 2, 16 and 23The Way We Were
55.9%
August 24, 31 and September 7You're Having My Baby
55.9%
November 9You Ain't Seen Nothing Yet
55.9%
June 15 and 22BIlly Don't Be A Hero
52.7%
April 6Hooked On A Feeling
51.6%
Week(s) Song % Correct
November 23 and 30I Can Help
51.6%
September 28Rock Me Gently
48.4%
October 19Nothing From Nothing
48.4%
April 20 and 27TSOP
46.2%
March 30Sunshine On My Shoulder
45.2%
April 13Bennie and the Jets
45.2%
July 6, 13 and 20Rock Your Baby
45.2%
October 26Then Came You
45.2%
October 5 and 12I Honestly Love You
44.1%
November 16Whatever Gets You Through the Night
43%
January 19Show and Tell
39.8%
February 9Love's Theme
39.8%
December 28Angie Baby
37.6%
March 23Dark Lady
36.6%
August 10Feel Like Makin' Love
33.3%
September 21Can't Get Enough of Your Love Babe
24.7%
November 2You Haven't Done Nothin'
20.4%

You're not logged in!

Compare scores with friends on all Sporcle quizzes.
OR
Log In

From the Vault

Checker Out My NFL Logo

by jhach

Yes, we turned NFL logos into checkers boards.
Remove Ads.
Support Sporcle.
Get the best of Sporcle when you Go Orange. This ad-free experience offers more features, more stats, and more fun while also helping to support Sporcle. Thank you for becoming a member.

Show Comments

Extras

Top Quizzes Today


Score Distribution

Your Account Isn't Verified!

In order to create a playlist on Sporcle, you need to verify the email address you used during registration. Go to your Sporcle Settings to finish the process.

Report this User

Report this user for behavior that violates our Community Guidelines.

Details: